000 00721nam a2200205 i 4500
001 46744
003 ES-MaACL
005 20230906161436.0
007 t|
008 030331s1920 fr ||||1| fre d
100 1 _aConklin, Edwin Grant.
_940190
245 1 2 _aL'heredité et le milieu
_b: leur role dans le développement de l'homme /
_cEdwin Grant Conklin ; traduit de l'anglais par Herlant.
260 _aParis :
_bErnest Flammarion,
_c1920 (
_fHemmerlé et Cie.)
300 _a295 p. :
_bil. ;
_c19 cm.
490 1 _aBibliothèque de philosophie scientifique
700 1 _aHerlant.
_962727
830 0 _aBibliothèque de philosophie scientifique
_9181135
852 _aES-MaACL
_jF-6413
999 _c46744
_d46744